书目信息 |
| 题名: |
现代遗传学原理
|
|
| 作者: | 徐晋麟 , 徐沁 , 陈淳 编著 | |
| 分册: | ||
| 出版信息: | 北京 科学出版社 2005.8 |
|
| 页数: | 846页 | |
| 开本: | 27cm | |
| 丛书名: | ||
| 单 册: | ||
| 中图分类: | Q3-43 | |
| 科图分类: | ||
| 主题词: | 遗传学--yi chuan xue--高等学校--教材 | |
| 电子资源: | ||
| ISBN: | 7-03-013307-2 | |
| 000 | 01161nam0 2200349 450 | |
| 000 | 01180nam0 2200349 450 | |
| 000 | 01143nam0 2200337 450 | |
| 000 | 01098nam0 2200325 450 | |
| 000 | 01087nam0 2200325 450 | |
| 000 | 01050nam0 2200313 45 | |
| 001 | 012005000000 | |
| 005 | 20051214085248.28 | |
| 010 | @a7-03-013307-2@dCNY66.00 | |
| 100 | @a20051110d2005 em y0chiy0121 ea | |
| 101 | 0 | @achi |
| 102 | @aCN@b110000 | |
| 105 | @afk z 000yy | |
| 200 | 1 | @a现代遗传学原理@Axian dai yi chuan xue yuan li@f徐晋麟,徐沁,陈淳编著 |
| 205 | @a2版 | |
| 210 | @a北京@c科学出版社@d2005.8 | |
| 215 | @a846页@c图@d27cm | |
| 300 | @a21世纪高等院校教材 | |
| 320 | @a有书目 | |
| 330 | @a本书共24章,包括:绪论;孟德尔法则及其扩展;性别决定和性相关遗传;基因的连锁与交换和真核生物的基因作图;数量遗传;细菌和噬菌体的遗传重组等。 | |
| 333 | @a阅读对象:高等院校生物学相关本科师生及相关专业人员 | |
| 606 | 0 | @a遗传学@Ayi chuan xue@x高等学校@j教材 |
| 690 | @aQ3-43@v4 | |
| 701 | 0 | @a徐晋麟@Axu jin lin@4编著 |
| 701 | 0 | @a徐沁@Axu qin@4编著 |
| 701 | 0 | @a陈淳@Achen chun@4编著 |
| 801 | 0 | @aCN@bSRXX@c20051214 |
| 905 | @a10447@dQ3-43@eX730-2 | |
| 现代遗传学原理/徐晋麟,徐沁,陈淳编著.-2版.-北京:科学出版社,2005.8 |
| 846页:图;27cm |
| 21世纪高等院校教材.-使用对象:阅读对象:高等院校生物学相关本科师生及相关专业人员 |
| ISBN 7-03-013307-2:CNY66.00 |
| 本书共24章,包括:绪论;孟德尔法则及其扩展;性别决定和性相关遗传;基因的连锁与交换和真核生物的基因作图;数量遗传;细菌和噬菌体的遗传重组等。 |
| ● |
| 相关链接 |
|
|
|
正题名:现代遗传学原理
索取号:Q3-43/X730-2
 
预约/预借
| 序号 | 登录号 | 条形码 | 馆藏地/架位号 | 状态 | 备注 |
| 1 | 547577 | 205475779 | 自科库401/401自科库 27排2列2层/ [索取号:Q3-43/X730-2] | 在馆 | |
| 2 | 547578 | 205475788 | 自科库401/401自科库 27排2列2层/ [索取号:Q3-43/X730-2] | 在馆 | |
| 3 | 547579 | 205475797 | 自科库401/401自科库 27排2列2层/ [索取号:Q3-43/X730-2] | 在馆 |